Statistiques concernant Pays d'Océanie

Cliquez ici pour prendre le quiz!

Statistiques générales

  • Ce quiz a été pris 15,960 fois
  • Le résultat moyen est 11 sur 14

Statistiques - réponses

Pays % Correct
Australie
100%
Nouvelle-Zélande
97%
Papouasie-Nouvelle-
Guinée
89%
Fidji
87%
Micronésie
80%
Vanuatu
80%
Samoa
78%
Tonga
78%
Tuvalu
76%
Îles Marshall
75%
Salomon
75%
Kiribati
74%
Nauru
72%
Palaos
70%

Distribution des résultats

Percentile by Number Answered

% des personnes avec chaque résultat

Votre développement - résultats

Vous n’avez pas pris ce quiz